000
00322nam a22001337a 4500
003
SGT
020
_a
81-7391-797-3
082
_a
617.8
_b
D18N
100
_a
NARAYANASWAMY, S,
245
_a
DSE (HI) MANUAL FAMILY COMMUNITY AND THE HEARING IMPAIRED CHILD
260
_a
INDIA
_b
RCI
_c
2018
300
_a
59
942
_2
ddc
_c
BK
999
_c
18012
_d
18012